Ansichtssachen.

Bibliographic Details
Main Author: Garbe, Burckhard, 1941-
Format: Book
Language:German
Published: [Berlin] : W. Fietkau, [1973]
Series:Reihe Schritte ; Bd. 24.

MARC

Tag First Indicator Second Indicator Subfields
LEADER 00000cam a2200000 4500
001 in00000607289
005 20151014101031.0
008 750515s1973 gw 00001 ger
010 |a  73357687  
020 |a 3873520249 
035 |a (OCoLC)01334799 
035 |9 ACR4667AM 
040 |c WLU  |d TXA  |d UtOrBLW 
049 |a TXAM  |c [1359259] 
050 0 0 |a PT2667.A68  |b A82 
100 1 |a Garbe, Burckhard,  |d 1941- 
245 1 0 |a Ansichtssachen. 
264 1 |a [Berlin] :  |b W. Fietkau,  |c [1973] 
300 |a 28 unnumbered pages ;  |c 16 cm. 
336 |a text  |b txt  |2 rdacontent 
337 |a unmediated  |b n  |2 rdamedia 
338 |a volume  |b nc  |2 rdacarrier 
490 1 |a Reihe "Schritte" ;  |v Bd. 24 
830 0 |a Reihe Schritte ;  |v Bd. 24. 
999 |a MARS 
999 f f |s 17480fc9-3a11-382d-ac57-a8f7223ab7f2  |i 02e94e69-953a-3f27-87d5-896a084b5ce0  |t 0 
952 f f |p ric  |a Texas A&M University  |b Rellis Campus  |c Joint Library Facility  |d Remote Storage  |t 0  |e PT2667.A68 A82  |h Library of Congress classification  |i unmediated -- volume  |m A14804178072 
998 f f |a PT2667.A68 A82  |t 0  |l Remote Storage